书目信息 |
| 题名: |
北京文化创意产业发展理论与实践探索
|
|
| 作者: | 刘牧雨 主编 | |
| 分册: | ||
| 出版信息: | 北京 中国经济出版社 2007 |
|
| 页数: | 323页 | |
| 开本: | 24cm | |
| 丛书名: | ||
| 单 册: | ||
| 中图分类: | G124 | |
| 科图分类: | ||
| 主题词: | 文化产业--研究--北京市 , 文化产业 | |
| 电子资源: | ||
| ISBN: | 978-7-5017-8248-2 | |
| 000 | 00953nam0 2200241 450 | |
| 001 | 010700048630 | |
| 005 | 20091202085840.54 | |
| 010 | @a978-7-5017-8248-2@dCNY32.00 | |
| 100 | @a20071130d2007 em y0chiy0110 ea | |
| 101 | 0 | @achi |
| 102 | @aCN@b110000 | |
| 105 | @ak z 000yy | |
| 106 | @ar | |
| 200 | 1 | @a北京文化创意产业发展理论与实践探索@9bei jing wen hua chuang yi chan ye fa zhan li lun yu shi jian tan suo@f刘牧雨主编 |
| 210 | @a北京@c中国经济出版社@d2007 | |
| 215 | @a323页@d24cm | |
| 330 | @a《北京文化创意产业理论与实践探索》系统地分析了北京文化创意产业的发展现状、特点、存在问题和发展前景,集中展示了北京各区县、各聚集区文化创意产业发展实践成果,并探讨国内外文化创意产业发展经验,以为北京之鉴。全书分为综合篇、理论篇、实践篇及借鉴篇四个部分。 | |
| 606 | 0 | @a文化产业@x研究@y北京市 |
| 606 | 0 | @a文化产业 |
| 690 | @aG124@v4 | |
| 701 | 0 | @a刘牧雨@9liu mu yu@4主编 |
| 801 | 0 | @aCN@bRENTIAN@c20091202 |
| 905 | @b794415-20@dG124@e100@f6 | |
| 北京文化创意产业发展理论与实践探索/刘牧雨主编.-北京:中国经济出版社,2007 |
| 323页;24cm |
| ISBN 978-7-5017-8248-2:CNY32.00 |
| 《北京文化创意产业理论与实践探索》系统地分析了北京文化创意产业的发展现状、特点、存在问题和发展前景,集中展示了北京各区县、各聚集区文化创意产业发展实践成果,并探讨国内外文化创意产业发展经验,以为北京之鉴。全书分为综合篇、理论篇、实践篇及借鉴篇四个部分。 |
| ● |
| 相关链接 |
|
|
|
|
正题名:北京文化创意产业发展理论与实践探索
索取号:G124/100
 
预约/预借
| 序号 | 登录号 | 条形码 | 馆藏地/架位号 | 状态 | 备注 |
| 1 | 794415 | 207944153 | 第一样本阅览室/ [索取号:G124/100] | 在馆 | |
| 2 | 794416 | 207944162 | 第四借阅区/ [索取号:G124/100] | 在馆 | |
| 3 | 794417 | 207944171 | 第四借阅区/ [索取号:G124/100] | 在馆 | |
| 4 | 794418 | 207944180 | 第四借阅区/ [索取号:G124/100] | 在馆 | |
| 5 | 794419 | 207944199 | 第四借阅区/ [索取号:G124/100] | 在馆 | |
| 6 | 794420 | 207944206 | 第四借阅区/ [索取号:G124/100] | 在馆 |